Geography - T - Statistics

General Stats
  • This quiz has been taken 39 times
  • The average score is 6 of 15
Answer Stats
Hint Answer % Correct
The capital city of Albania. Tirana
82%
Its capital city is Ashgabat. Turkmenistan
82%
This Asian country has the 3rd-highest average elevation worldwide. Tajikistan
67%
The capital city of Uzbekistan. Tashkent
67%
Contains Africa's northernmost point (Cape Angela). Tunisia
67%
Hurricane Harvey devastated it in 2017. Texas
49%
Region in western Austria. Tyrol
46%
The capital city of the former kingdom of Castille. Toledo
41%
Major city in proximity to Beijing. Tianjin
36%
Gulf flanked by Vietnam and Hainan. Tonkin
31%
India's largest desert. Thar
15%
Island chain in the western Atlantic Ocean. Turks and Caicos
10%
Massive mountain range in Asia. Translates to 'Celestial Mountains'. Tianshan
8%
The lake where Mexico City is located. Texcoco
3%
An alternative name for the ancient trading city of Palmyra. Tadmor
0%
No matching quizzes found
Score Distribution
Percent of People with Each Score
Percentile by Number Answered
Your Score History
You have not taken this quiz